000 00430nam a2200169Ia 4500
008 230524s9999 xx 000 0 und d
020 _a9788131729588
082 _a5.133
_bLIA
100 _aY.Daniel Liang
245 0 _aIntroduction to JAVA Programming: Comprehensive Version
250 _a7TH
260 _aNEW DELHI
_bPearson
_c2010
300 _a1327
500 _aQuantity Number: 60
650 _aComp-Sc
942 _cBK
999 _c47196
_d47196